000 00255nam a2200097Ia 4500
001 694789
005 20250826161940.0
008 250824s9999 xx 000 0 und d
245 0 _aKENDİ GÖK KUBBEMİZ
_cYAHYA KEMAL BEYATLI
260 _bYAPI KREDİ YAYINLARI
999 _c694789
_d694789